| 000 | 00350 a2200133 4500 | ||
|---|---|---|---|
| 001 | 88245 | ||
| 082 | _aPR 463 | ||
| 090 |
_c41659 _d41659 |
||
| 100 | _aImran Tasadduque | ||
| 245 | _aTo model existing aircraft external stores by using panel method | ||
| 260 |
_aRisalpur _bNUST Risalpur _c1999 |
||
| 300 | _avii, 73p. | ||
| 500 | _aBE Project Reports | ||
| 942 |
_aCAE NUST _kPR 463 |
||
| 999 |
_c323318 _d323318 |
||